Detalles MARC
| 000 -CABECERA |
| campo de control de longitud fija |
02406nam a2200253 4500 |
| 003 - IDENTIFICADOR DEL NÚMERO DE CONTROL |
| campo de control |
vecauma |
| 005 - FECHA Y HORA DE LA ÚLTIMA TRANSACCIÓN |
| campo de control |
20260410205117.0 |
| 007 - CAMPO FIJO DE DESCRIPCIÓN FÍSICA--INFORMACIÓN GENERAL |
| campo de control de longitud fija |
ta |
| 008 - DATOS DE LONGITUD FIJA--INFORMACIÓN GENERAL |
| campo de control de longitud fija |
260410b ve ||||| |||| 00| 0 spa d |
| 020 ## - ISBN |
| Número Internacional Estándar del Libro |
9682434602 |
| 040 ## - FUENTE DE LA CATALOGACIÓN |
| Centro catalogador/agencia de origen |
vecauma |
| Lengua de catalogación |
spa |
| Centro/agencia transcriptor |
vecauma |
| Centro/agencia modificador |
vecauma |
| Normas de descripción |
rda |
| 041 ## - CÓDIGO DE LENGUA |
| Código de lengua del recurso |
spa |
| 100 1# - AUTOR PERSONAL |
| Término indicativo de función/relación |
autor |
| 245 1# - MENCIÓN DE TÍTULO |
| Título |
Publicidad turística |
| Mención de responsabilidad, etc. |
/ Jorge Dahdá |
| 264 ## - PRODUCCIÓN, PUBLICACIÓN, DISTRIBUCIÓN, FABRICACIÓN Y COPYRIGHT |
| Producción, publicación, distribución, fabricación y copyright |
México: |
| Nombre del de productor, editor, distribuidor, fabricante |
Trillas; |
| Fecha de producción, publicación, distribución, fabricación o copyright |
1990. |
| 300 ## - DESCRIPCIÓN FÍSICA |
| Extensión |
139 páginas. |
| 336 ## - TIPO DE CONTENIDO |
| Término de tipo de contenido |
texto |
| Código de tipo de contenido |
txt |
| Fuente |
rdacontenido |
| 337 ## - TIPO DE MEDIO |
| Nombre/término del tipo de medio |
no mediado |
| Código del tipo de medio |
n |
| Fuente |
rdamedio |
| 338 ## - TIPO DE SOPORTE |
| Nombre/término del tipo de soporte |
volumen |
| Código del tipo de soporte |
nc |
| Fuente |
rdasoporte |
| 505 0# - NOTA DE CONTENIDO CON FORMATO |
| Nota de contenido con formato |
Breve historia de la publicidad /<br/>Publicidad, promoción y propaganda /<br/>La publicidad y su fuerza socioeconómica /<br/>La publicidad y su fuerza psicológica /<br/>La publicidad y su aspecto ético y legal /<br/>La publicidad en los medios de comunicación social /<br/>La publicidad en el turismo /<br/>Los medios de comunicación en el turismo /<br/>La promoción y la publicidad en la mercadotecnia turística /<br/>La publicidad y el proceso administrativo /<br/>El departamento de publicidad /<br/>Material gráfico: símbolos y lemas /<br/>Campaña base de lanzamiento publicitario de un hotel /<br/>Conclusiones generales /<br/> |
| 520 3# - SUMARIO, ETC. |
| Sumario, etc. |
En el sector turismo, la publicidad es trascendental cuando se trata de dar a conocer ciertos servicios o destinos, o de incrementar el flujo de visitantes hacia éstos. Pero, ¿cómo debe ser la publicidad turística? Jorge Dahdá entrega a los publicistas que se desarrollan en esta área, así como a quienes pretenden hacerlo, un análisis objetivo y detallado de la materia, con todo lo referente al manejo de símbolos y lemas, a la creación de campañas de lanzamiento y a sus principales medios de difusión.<br/>El autor proporciona un claro panorama de la actividad publicitaria, mediante la revisión de los orígenes de ésta, de sus funciones, formas de organización y relaciones con la promoción y la propaganda.<br/>Lo anterior constituye la base para el estudio de los efectos que la publicidad ejerce sobre la sociedad, y de su vinculación con otras disciplinas (la sociología, la economía, la psicología, la ética, el derecho, la mercadotecnia, la administración y la comunicación) que le confieren un carácter interdisciplinario y confirman su importancia como elemento activador de la economía en todos sus ámbitos. |
| 942 #1 - ELEMENTOS DE ENTRADA AGREGADA (KOHA) |
| Fuente del sistema de clasificación o colocación |
Library of Congress Classification |
| Ocultar en OPAC |
No |
| Tipo de ítem Koha |
Libros |